| 000 | 00917nam a2200289 a 4500 | ||
|---|---|---|---|
| 999 |
_c5922 _d5922 |
||
| 001 | 5922 | ||
| 003 | BD-JhCC | ||
| 005 | 20171231194555.0 | ||
| 008 | 690925s1969 maua j 000 1 eng d | ||
| 035 | _a(BD-JhCC)5922 | ||
| 040 |
_aBD-JhCC _cDLC _dBD-JhCC |
||
| 041 | 1 | _aengger | |
| 050 | 0 | 0 |
_aPZ7.V86 _bWo5 |
| 082 | 0 | 0 |
_a[Fic] _bVOE 1963 |
| 100 | 1 | _aVoegeli, Max. | |
| 240 | 1 | 0 | _aDie wunderbare Lampe. |
| 245 | 1 | 4 |
_aThe wonderful lamp / _cMax Voegeli, Translated by E. M. Prince. Illustrated by Felix Hoffmann |
| 260 |
_aBoston, _bHoughton Mifflin _c[1969] |
||
| 300 |
_a229 p. _billus. _c22 cm. |
||
| 490 | 0 | _aMerit books | |
| 520 | _aA beggar boy of Bagdad decides to search for the magic lamp of Aladdin and has adventures which ultimately change his life. | ||
| 650 | _aNovel English | ||
| 651 | 1 |
_aBaghdad (Iraq) _xFiction. |
|
| 700 | 1 | _aHoffmann, Felix, | |
| 942 |
_2ddc _cBK |
||